| 000 | 00562nam a22002057a 4500 | ||
|---|---|---|---|
| 003 | OSt | ||
| 005 | 20240412112107.0 | ||
| 008 | 140711b xxu||||| |||| 00| 0 eng d | ||
| 020 | _a9780071284554 | ||
| 040 | _cDDC | ||
| 082 | _a592 PEN 2010 | ||
| 100 |
_aPechenik Jan A _9487 |
||
| 245 | _aBiology of the Invertebrates | ||
| 250 | _a6th ed. | ||
| 260 |
_aBoston: _bMcGraw-Hill, _c2010. |
||
| 300 |
_axv, 606 p.: _bcol.ill; _c28 cm. |
||
| 504 | _aIncludes Bibliographical references and index | ||
| 650 |
_aBiology _xInvertebrates _9488 |
||
| 942 |
_2ddc _cO_SHELF |
||
| 999 |
_c6055 _d6055 |
||